|
|
|
|
| LEADER |
00000nam0a2200000 4500 |
| 001 |
125442 |
| 005 |
20231031131348.0 |
| 010 |
|
|
|a 0849329949
|
| 035 |
|
|
|a (RuTPU)RU\TPU\book\135744
|
| 090 |
|
|
|a 125442
|
| 100 |
|
|
|a 20071116d2006 k y0engy50 ba
|
| 101 |
0 |
|
|a eng
|
| 102 |
|
|
|a US
|
| 105 |
|
|
|a a z 001zy
|
| 200 |
1 |
|
|a Antipatterns. Identification, Refactoring, and Management
|f Ph. A. Laplante, C. J. Neill
|
| 210 |
|
|
|a New York
|c Auerbach Publications
|d 2006
|
| 215 |
|
|
|a 304 p.
|c ил.
|
| 320 |
|
|
|a Библиография в конце глав.
|
| 320 |
|
|
|a Index: p. 289-304.
|
| 610 |
1 |
|
|a психология
|
| 610 |
1 |
|
|a экономика
|
| 610 |
1 |
|
|a организация
|
| 610 |
1 |
|
|a управление
|
| 610 |
1 |
|
|a менеджмент
|
| 610 |
1 |
|
|a модели
|
| 610 |
1 |
|
|a структуры
|
| 610 |
1 |
|
|a поведение
|
| 610 |
1 |
|
|a групповое поведение
|
| 610 |
1 |
|
|a организационное поведение
|
| 610 |
1 |
|
|a английский язык
|
| 686 |
|
|
|a Ю954
|v LBC/SL-A
|2 rubbk
|
| 700 |
|
1 |
|a Laplante
|b Ph. A.
|g Phillip A.
|
| 701 |
|
1 |
|a Neill
|b C. J.
|g Colin J.
|
| 801 |
|
1 |
|a RU
|b 63413507
|c 20071116
|g PSBO
|
| 801 |
|
2 |
|a RU
|b 63413507
|c 20101116
|g PSBO
|
| 942 |
|
|
|c BK
|